000 00364nam a2200145Ia 4500
008 230917s9999||||xx |||||||||||||| ||und||
040 _e64875
_aMAIN
041 _aEnglish
082 _a519.5 P888C
100 _aPratt, John W
245 0 _aConcepts of non parametric theory
260 _aNew York
_bSpringer-Verlag
_c1981
300 _axv, 462 p.
942 _cBK
999 _c227239
_d227239